Good reasons why possession is never nine-tenths of the law (Record no. 65954)

MARC details
000 -LEADER
fixed length control field 01484cam a2200253 4500
001 - CONTROL NUMBER
control field ABS63381
008 - FIXED-LENGTH DATA ELEMENTS--GENERAL INFORMATION
fixed length control field 000000n2001 000 0 eng u
035 ## - SYSTEM CONTROL NUMBER
System control number (Sirsi) u110678
100 ## - MAIN ENTRY--PERSONAL NAME
Personal name Atkinson, D.
245 ## - TITLE STATEMENT
Title Good reasons why possession is never nine-tenths of the law
260 ## - PUBLICATION, DISTRIBUTION, ETC.
Date of publication, distribution, etc. 2001
490 ## - SERIES STATEMENT
Series statement Construction News
Volume/sequential designation (6699) 18 January 2001, 14(1)
520 ## - SUMMARY, ETC.
Summary, etc. Illustrates the legal and contractual difficulties facing contractors attempting to take possession of a site. Observes that the employer must allow the contractor sufficient possession to allow the contract to be fulfilled and that, provided an attempt is made to gain access, the main contractor is not in breach of contract with subcontractors if access is denied. At the end of the contract the contractor will normally have a license to enter the site to fulfil its remaining obligations until the end of the defects liability period. Alternatively if the contract is terminated, and possession is denied, the employer's actions may be deemed to be in breach of contract. Finally contractors are reminded of their liability to third parties during their occupation of the site and the execution of the works.
590 ## - LOCAL NOTE (RLIN)
Local note ABS
650 ## - SUBJECT ADDED ENTRY--TOPICAL TERM
Topical term or geographic name entry element ACCESS TO SITE
650 ## - SUBJECT ADDED ENTRY--TOPICAL TERM
Topical term or geographic name entry element CONTRACTORS
650 ## - SUBJECT ADDED ENTRY--TOPICAL TERM
Topical term or geographic name entry element DEFECTS LIABILITY PERIOD
650 ## - SUBJECT ADDED ENTRY--TOPICAL TERM
Topical term or geographic name entry element EMPLOYERS
650 ## - SUBJECT ADDED ENTRY--TOPICAL TERM
Topical term or geographic name entry element LIABILITY
650 ## - SUBJECT ADDED ENTRY--TOPICAL TERM
Topical term or geographic name entry element POSSESSION OF SITE
650 ## - SUBJECT ADDED ENTRY--TOPICAL TERM
Topical term or geographic name entry element SUBCONTRACTORS
690 ## - LOCAL SUBJECT ADDED ENTRY--TOPICAL TERM (OCLC, RLIN)
Topical term or geographic name as entry element BUILDING AND CONSTRUCTION-LAW
942 ## - ADDED ENTRY ELEMENTS (KOHA)
Suppress in OPAC 0
Holdings
Withdrawn status Lost status Source of classification or shelving scheme Damaged status Not for loan Home library Current library Shelving location Date acquired Total Checkouts Full call number Barcode Date last seen Copy number Price effective from Koha item type
    Dewey Decimal Classification     London London Journal article 31/01/2001   ABS63381 110678-1001 06/08/2019 1 06/08/2019 Journal article